Interaktívna tabuľa a jej vplyv vo výchovno-vzdelávacom procese v ekonomickom prostredí

Pojmy v interaktívnom vyučovaní: interaktivita, virtuálna realita, informačné technológie. Proces interaktívneho vyučovania. Interaktívne tabule vo vzdelávaní. Interaktívny softvér.

Salvato in:
Dettagli Bibliografici
Autore principale: Mlynčár, Vladislav, 1962-
Natura: Capitolo di libro
Lingua:slovacco
Soggetti:
Tags: Aggiungi Tag
Nessun Tag, puoi essere il primo ad aggiungerne!!

MARC

LEADER 00000nla$a2200000$$$4500
001 0090243
005 20240502072016.2
041 0 |a slo 
044 |a SK 
245 1 0 |a Interaktívna tabuľa a jej vplyv vo výchovno-vzdelávacom procese v ekonomickom prostredí  |c Vladislav Mlynčár 
520 |a Pojmy v interaktívnom vyučovaní: interaktivita, virtuálna realita, informačné technológie. Proces interaktívneho vyučovania. Interaktívne tabule vo vzdelávaní. Interaktívny softvér. 
610 2 0 |a vzdelávanie elektronické 
610 2 0 |a technológie informačné 
610 2 0 |a technológie komunikačné 
610 2 0 |a počítače 
610 2 0 |a softvér 
610 2 0 |a študenti 
610 2 0 |a učitelia 
610 2 0 |a vyučovanie 
100 1 |a Mlynčár, Vladislav, 1962-